[Event "AUTO-MASTER-2942"]
[Site "http://www.queenalice.com/game.php?id=1606589"]
[Date "2020.4.8"]
[Round "1"]
[White "victorbush2"]
[Black "punk"]
[Result "0-1"]
[WhiteElo "1973"]
[BlackElo "2066"]

1. e4 e5 2. Nf3 Nf6 3. Nc3 d6 4. Bc4 h6 5. O-O Be7 6. h3 c6 7. Re1 O-O 8. d3
Nbd7 9. Bb3 Nc5 10. d4 Nxb3 11. axb3 Qc7 12. d5 cxd5 13. exd5 a6 14. Ne4 Bf5 15.
Nxf6+ Bxf6 16. c3 Rac8 17. c4 Rfe8 18. Be3 Qd7 19. Kh1 b5 20. Rxa6 bxc4 21. bxc4
Rxc4 22. Rb6 Rec8 23. b4 Rc2 24. Kg1 Rb2 25. Qa1 Rcc2 26. Qa6 Ra2 27. Qf1 Rcb2
28. Ra1 Rxa1 29. Qxa1 Rb1+ 30. Qxb1 Bxb1 31. Nd2 Bd3 32. Nf1 Bd8 33. Rb8 Kh7 34.
Ra8 Bg5 35. Ra7 Qb5 36. Rxf7 Bxf1 37. f4 exf4 38. Bd4 Kg6 39. Rxg7+ Kf5 40. g4+
fxg3 41. Rf7+ Ke4 42. Ba7 g2 43. Bf2 Qxd5 44. h4 Qxf7 45. hxg5 hxg5 46. b5 Qh5
47. Bg3 Kf3 48. Bh2 Bxb5 0-1

[Event "AUTO-MASTER-2942"]
[Site "http://www.queenalice.com/game.php?id=1606590"]
[Date "2020.4.8"]
[Round "1"]
[White "punk"]
[Black "victorbush2"]
[Result "0-1"]
[WhiteElo "2143"]
[BlackElo "1930"]

1. d4 d5 2. c4 e6 3. Nf3 Nf6 4. Bg5 Be7 5. e3 O-O 6. Bd3 Nc6 7. a3 h6 8. Bf4 b6
9. Nc3 Re8 10. Qc2 Bd6 11. cxd5 exd5 12. Bxd6 cxd6 13. Rc1 Ne7 14. Qb3 Bb7 15.
O-O Kh8 16. Ne2 Ne4 17. Ng3 Nxg3 18. fxg3 Ng8 19. Bb5 Re7 20. Qd3 Nf6 21. h3 Ne4
22. Kh2 a6 23. Bc6 Bxc6 24. Rxc6 a5 25. Qb3 Rb8 26. Qxd5 Re6 27. Qf5 Nf6 28.
Rfc1 g6 29. Qf4 Kg7 30. Nd2 Nd5 31. Qf3 Nxe3 32. Ne4 Nf5 33. Qd3 d5 34. Rxe6
fxe6 35. Nf2 Rc8 36. Re1 Qf6 37. Re5 Rc4 38. Ng4 Qe7 39. Qb3 Qd6 40. Ne3 Rxd4
41. Nxf5+ exf5 42. Re3 Rc4 43. Qd3 Re4 44. Rf3 d4 45. Qb3 Qc5 46. Qa4 Kf6 47.
Qd7 Qe7 48. Qc6+ Qe6 49. Qc7 Re3 50. Qd8+ Ke5 51. Rf4 Re4 52. Rf2 Qd5 53. Qh8+
Kd6 54. Qxh6 Qe6 55. Qf8+ Kd5 56. Rd2 Qd6 57. Qf7+ Qe6 58. Qg7 Kc5 59. Rc2+ Kd5
60. Rc7 Qe5 61. Qd7+ Qd6 62. Qf7+ Qe6 63. Rd7+ Kc4 64. Rc7+ Kd3 65. Qg7 Ke2 66.
Rc2+ Kd1 67. Qc7 Qb3 68. Rc1+ Kd2 69. Rf1 Re1 70. Rf3 Re3 71. Qf4 Kd3 72. Rf1
Qa4 73. Rc1 Qb3 74. Qc7 Kd2 75. Rc4 d3 76. Qf4 Ke2 77. Rc1 Kd2 78. Qf1 b5 79. h4
b4 80. axb4 axb4 81. Kh3 Re2 82. Qf4+ Re3 83. Qf1 f4 84. Kh2 f3 85. gxf3 Re2+
86. Kg1 Qxb2 87. Rd1+ Kc2 88. Kh1 Qe5 89. Rc1+ Kb2 90. Rb1+ Ka2 0-1

[Event "AUTO-MASTER-2942"]
[Site "http://www.queenalice.com/game.php?id=1606591"]
[Date "2020.4.8"]
[Round "1"]
[White "victorbush2"]
[Black "OzzyOzPawn"]
[Result "1-0"]
[WhiteElo "1959"]
[BlackElo "2017"]

1. d4 d5 2. Nc3 Nf6 3. Nf3 Bf5 4. Bg5 e6 5. e3 a6 6. a3 h6 7. Bxf6 Qxf6 8. Be2
Nc6 9. O-O Qg6 10. Nh4 Qg5 11. Nxf5 Qxf5 12. Bd3 Qf6 13. Qe2 O-O-O 14. b4 b5 15.
Rfb1 e5 16. dxe5 Nxe5 17. a4 Nxd3 18. Qxd3 d4 19. exd4 Rxd4 20. Qe2 Rxb4 21.
Qe8+ Qd8 22. Re1 Qxe8 23. Rxe8+ Kd7 24. Ra8 Rc4 25. Rd1+ Kc6 26. axb5+ Kb7 27.
Rdd8 axb5 28. Rdb8+ Kc6 29. Nxb5 Rb4 30. Na7+ Kc5 31. Rxb4 Kxb4 32. Rb8+ Kc3 33.
Nb5+ Kxc2 34. Nxc7 g5 35. Nd5 Bg7 36. Rxh8 Bxh8 37. Ne3+ Kd3 38. Nf5 h5 39. Nh6
f6 40. Nf5 Ke4 41. Ng3+ Ke5 42. Nxh5 f5 43. Ng3 f4 44. Ne2 Ke4 45. f3+ Ke3 46.
Kf1 Bf6 47. h3 Be7 48. Nc3 Kd4 49. Ne4 Ke5 50. Kf2 Bd8 51. g3 Kf5 52. Kg2 Bc7
53. g4+ Kg6 54. h4 gxh4 55. Kh3 Bd8 56. Nd6 Kf6 57. Nf5 Ke5 58. Nxh4 Bxh4 59.
Kxh4 Kf6 60. g5+ Kf5 61. Kh5 Ke6 62. g6 Ke7 63. Kh6 Kf8 64. Kh7 Ke7 65. g7 Ke6
66. g8=Q+ Kf5 67. Qe8 Kg5 68. Qg6+ Kh4 69. Qg4# 1-0

[Event "AUTO-MASTER-2942"]
[Site "http://www.queenalice.com/game.php?id=1606592"]
[Date "2020.4.8"]
[Round "1"]
[White "OzzyOzPawn"]
[Black "victorbush2"]
[Result "1-0"]
[WhiteElo "2080"]
[BlackElo "1946"]

1. e4 e5 2. Nf3 Nc6 3. Bc4 h6 4. d4 d6 5. dxe5 Bg4 6. exd6 Bxd6 7. h3 Bxf3 8.
Qxf3 Ne5 9. Qb3 Nxc4 10. Qxc4 c6 11. O-O Ne7 12. Nc3 O-O 13. Rd1 Qc7 14. Qd4
Rfd8 15. Kf1 Ng6 16. Be3 a6 17. Qb6 Qxb6 18. Bxb6 Rd7 19. g3 Ne5 20. b3 Bb4 21.
Ne2 Re8 22. f4 Rxd1+ 23. Rxd1 Ng6 24. Rd4 Be7 25. e5 Nf8 26. c4 g6 27. h4 Ra8
28. Nc3 Kg7 29. Ne4 a5 30. Nd6 Ra6 31. c5 Ne6 32. Rd3 Nxc5 33. Bxc5 b5 34. Nf5+
gxf5 35. Bxe7 Ra7 36. Bf6+ Kg6 37. Rd6 Ra6 38. Bg5+ Kh7 39. Rxh6+ Kg7 40. e6 1-0

[Event "AUTO-ADV-4323"]
[Site "http://www.queenalice.com/game.php?id=1606671"]
[Date "2020.4.9"]
[Round "1"]
[White "florencia1260"]
[Black "victorbush2"]
[Result "0-1"]
[WhiteElo "1799"]
[BlackElo "1985"]

1. e4 c5 2. Nf3 Nc6 3. Nc3 e6 4. d4 d5 5. exd5 exd5 6. Bb5 Bd7 7. Qe2+ Qe7 8.
Be3 a6 9. Bxc6 Bxc6 10. O-O O-O-O 11. dxc5 Nf6 12. Bd4 Qc7 13. Bxf6 gxf6 14. Nd4
Bxc5 15. a3 Bxd4 16. Qg4+ Kb8 17. Qxd4 Qe5 18. Rad1 Rhe8 19. f4 Qf5 20. Qd3 Qd7
21. g3 f5 22. b4 Kc7 23. Ne2 Bb5 24. c4 Bxc4 25. Qc3 Rxe2 26. Rd4 Rde8 27. Rfd1
Qc6 28. Qf3 R8e3 29. Qh5 Qg6 30. Qh4 Qg4 31. Qxh7 Rxg3+ 0-1

[Event "AUTO-ADV-4323"]
[Site "http://www.queenalice.com/game.php?id=1606672"]
[Date "2020.4.9"]
[Round "1"]
[White "victorbush2"]
[Black "florencia1260"]
[Result "1-0"]
[WhiteElo "1976"]
[BlackElo "1808"]

1. d4 Nf6 2. Nc3 d5 3. g3 c5 4. Nf3 cxd4 5. Nxd4 e5 6. Nb3 d4 7. Na4 Qd5 8. Rg1
Qb5 9. Nxd4 Qxa4 10. Nb3 Be7 11. Bg2 Qd7 12. Qxd7+ Nbxd7 13. Be3 O-O 14. O-O-O
a6 15. Kb1 Nb8 16. Na5 Nfd7 17. a3 Bc5 18. Bxc5 Nxc5 19. Rd5 Nbd7 20. Nc4 Rb8
21. Nd6 f6 22. b4 Na4 23. Rd2 Ndb6 24. Rgd1 Nc3+ 25. Kc1 Nxd1 26. Rxd1 Na4 27.
Bd5+ Kh8 28. Nf7+ Rxf7 29. Bxf7 Bh3 30. c4 g5 31. f3 Rc8 32. g4 Rxc4+ 33. Bxc4
1-0

[Event "AUTO-ADV-4323"]
[Site "http://www.queenalice.com/game.php?id=1606689"]
[Date "2020.4.9"]
[Round "1"]
[White "victorbush2"]
[Black "Zanocovsky"]
[Result "1-0"]
[WhiteElo "1957"]
[BlackElo "1540"]

1. d4 Nf6 2. c4 e6 3. Nc3 Bb4 4. a3 Bxc3+ 5. bxc3 d5 6. e3 Nc6 7. Be2 O-O 8. Nf3
h6 9. O-O Re8 10. Nd2 b6 11. Bd3 Bb7 12. Re1 e5 13. Bb2 e4 14. Bf1 Ne7 15. cxd5
Qxd5 16. Bc4 Qf5 17. h3 Ng6 18. Nf1 Nh5 19. Be2 Nf6 20. Ng3 Qd7 21. Qc2 Rad8 22.
c4 c6 23. f3 1-0

[Event "AUTO-ADV-4323"]
[Site "http://www.queenalice.com/game.php?id=1606690"]
[Date "2020.4.9"]
[Round "1"]
[White "Zanocovsky"]
[Black "victorbush2"]
[Result "0-1"]
[WhiteElo "1542"]
[BlackElo "1955"]

1. d4 d5 2. c4 e6 3. Nc3 h6 4. cxd5 exd5 5. Nf3 Nf6 6. e3 Nc6 7. Bb5 Be7 8.
Bxc6+ bxc6 9. O-O O-O 10. Ne5 Bb7 11. Qa4 Qd6 12. f4 Qb4 13. Qxb4 Bxb4 14. a3
Bxc3 15. bxc3 Rad8 16. a4 Ne4 17. c4 f6 18. Ng6 Rfe8 19. Ra3 Ba6 20. Rf3 Bxc4
21. Rh3 Rb8 22. Ra1 Kf7 0-1

[Event "AUTO-ADV-4323"]
[Site "http://www.queenalice.com/game.php?id=1606691"]
[Date "2020.4.9"]
[Round "1"]
[White "victorbush2"]
[Black "akleetch"]
[Result "1-0"]
[WhiteElo "1963"]
[BlackElo "1815"]

1. d4 d5 2. c4 c6 3. Nc3 e6 4. Nf3 Bb4 5. e3 Nf6 6. a3 Ba5 7. b4 Bc7 8. Be2 Nbd7
9. O-O Bb8 10. h3 Qc7 11. Bb2 e5 12. dxe5 Nxe5 13. Nxe5 Qxe5 14. g3 Bxh3 15. Re1
Ne4 16. Nxe4 Qxb2 17. cxd5 O-O 18. Qd3 Qe5 19. d6 Rd8 20. Rad1 f5 21. Qc4+ Kh8
22. Ng5 Qf6 23. Nf7+ 1-0

[Event "AUTO-ADV-4323"]
[Site "http://www.queenalice.com/game.php?id=1606692"]
[Date "2020.4.9"]
[Round "1"]
[White "akleetch"]
[Black "victorbush2"]
[Result "1-0"]
[WhiteElo "1840"]
[BlackElo "1950"]

1. e4 c5 2. Bc4 Nc6 3. a3 Nf6 4. d3 g6 5. Bg5 Bg7 6. Nc3 O-O 7. Nf3 d6 8. h3 h6
9. Bh4 a6 10. O-O b5 11. Ba2 Bb7 12. Re1 g5 13. Bg3 Re8 14. Ne2 e5 15. c3 d5 16.
exd5 Nxd5 17. Rc1 Nb6 18. Rc2 Qf6 19. Nc1 Rad8 20. Rce2 Re7 21. Nh2 h5 22. f3
Na4 23. Bf2 Nxb2 24. Rxb2 c4 25. a4 cxd3 26. Nxd3 Red7 27. Rd2 Re8 28. axb5 axb5
29. Qc2 e4 30. fxe4 Qxc3 31. Red1 Qxc2 32. Rxc2 Rxe4 33. Nf3 Nb4 34. Rcd2 Nxa2
35. Rxa2 g4 36. Ng5 Rc4 37. Bg3 Bf6 38. h4 Rcd4 39. Rad2 b4 40. Bf2 Bxg5 41.
hxg5 R4d5 42. Be3 Re7 43. Bc5 Red7 44. Bxb4 Rb5 45. Bc3 Rdd5 46. Bf6 Rf5 47. Ne5
Rbxe5 48. Rd8+ Kh7 49. Rh8+ Kg6 50. Rh6# 1-0

[Event "AUTO-OPEN-4159"]
[Site "http://www.queenalice.com/game.php?id=1606774"]
[Date "2020.4.9"]
[Round "1"]
[White "victorbush2"]
[Black "OzzyOzPawn"]
[Result "0-1"]
[WhiteElo "1988"]
[BlackElo "2039"]

1. d4 d5 2. Nc3 Nf6 3. Nf3 e6 4. e3 b6 5. Bb5+ Nbd7 6. Ne5 a6 7. Nc6 axb5 8.
Nxb5 Ba6 9. Nxd8 Bxb5 10. Nxf7 Kxf7 11. f3 c5 12. c3 cxd4 13. exd4 Bd6 14. Kf2
Rhe8 15. Be3 e5 16. Qd2 e4 17. a3 h6 18. g3 exf3 19. Qc2 Be2 20. Qc1 Ng4+ 21.
Ke1 Rxe3 0-1

[Event "AUTO-OPEN-4159"]
[Site "http://www.queenalice.com/game.php?id=1606775"]
[Date "2020.4.9"]
[Round "1"]
[White "OzzyOzPawn"]
[Black "victorbush2"]
[Result "0-1"]
[WhiteElo "2025"]
[BlackElo "1935"]

1. e4 e5 2. Nf3 Nc6 3. Bc4 h6 4. d3 Nf6 5. Bb3 Bc5 6. h3 O-O 7. O-O d6 8. Re1
Re8 9. Be3 Bxe3 10. Rxe3 Nh5 11. c3 Nf4 12. d4 exd4 13. cxd4 Nb4 14. Ne1 Nc6 15.
Rf3 Rxe4 16. Nc2 d5 17. Nc3 Nxh3+ 18. gxh3 Qh4 19. Nxe4 Qxe4 20. Rg3 Be6 21. Qf3
Qh7 22. Bxd5 Bxd5 23. Qxd5 Qxc2 24. Qb3 Qxb3 25. Rxb3 b6 26. Rd1 Rd8 27. Rc3
Nxd4 28. Kg2 c5 29. Rcd3 Kf8 30. Re1 f6 31. f4 Kf7 32. f5 Rd5 33. Rf1 g5 34.
fxg6+ Kxg6 35. Rg3+ Kf7 36. h4 a5 37. a4 Rh5 38. Kh3 Nf5 39. Kg4 Nxg3 40. Kxg3
Rd5 41. Rf3 Rd4 42. b3 c4 43. h5 Ke6 44. bxc4 Rxc4 45. Rb3 Rb4 46. Rc3 Kf5 47.
Rd3 Rxa4 48. Rd5+ Ke6 49. Rb5 Rb4 0-1

[Event "AUTO-OPEN-4159"]
[Site "http://www.queenalice.com/game.php?id=1606776"]
[Date "2020.4.9"]
[Round "1"]
[White "victorbush2"]
[Black "clovis"]
[Result "0-1"]
[WhiteElo "1979"]
[BlackElo "1979"]

1. d4 d5 2. Nc3 Nf6 3. Bf4 Bf5 4. h3 e6 5. e3 Bd6 6. Bxd6 Qxd6 7. Bd3 c6 8. Nf3
Nbd7 9. Bxf5 exf5 10. O-O O-O 11. Ne2 Ne4 12. Nd2 Kh8 13. Nxe4 fxe4 14. Nf4 Rac8
15. f3 exf3 16. Qxf3 Nf6 17. Nd3 Rfe8 18. Ne5 Rxe5 19. dxe5 Qxe5 20. c3 Re8 21.
Rae1 Re7 22. Rf2 Ne4 23. Rc2 Re6 24. Rf1 Rf6 25. Qd1 Qg3 26. Rf3 Rxf3 27. Qxf3
Qe1+ 28. Kh2 f6 29. Re2 Qb1 30. Qf5 h6 31. b3 Nxc3 32. Qxb1 Nxb1 33. Kg3 Nc3 34.
Rc2 Ne4+ 35. Kf4 g6 36. a4 Kg7 37. b4 Kf7 38. Kf3 Ke6 39. Kf4 Kd6 40. g3 b6 41.
g4 c5 42. b5 c4 43. h4 Kc5 44. Rb2 c3 45. Rc2 Kb4 46. h5 gxh5 47. gxh5 Kxa4 48.
Kf5 Kxb5 49. Kg6 Kc4 50. Kxh6 b5 51. Kg6 b4 52. h6 Ng5 53. Kxf6 Nh7+ 54. Kg7 b3
55. Rg2 b2 56. Kxh7 b1=Q+ 57. Kh8 c2 58. Rg1 Qxg1 59. h7 c1=Q 60. e4 Qc3+ 0-1

[Event "AUTO-OPEN-4159"]
[Site "http://www.queenalice.com/game.php?id=1606777"]
[Date "2020.4.9"]
[Round "1"]
[White "clovis"]
[Black "victorbush2"]
[Result "1-0"]
[WhiteElo "1967"]
[BlackElo "1994"]

1. e4 e5 2. Nf3 Nc6 3. Bc4 h6 4. O-O Nf6 5. Nc3 Bc5 6. d3 O-O 7. Be3 Bxe3 8.
fxe3 d6 9. Qe1 Re8 10. Nh4 Be6 11. Nf5 Bxf5 12. Rxf5 Ne7 13. Rxf6 gxf6 14. Qh4
Kg7 15. Rf1 Ng6 16. Qh5 Rh8 17. Nd5 f5 18. exf5 Qh4 19. Qf3 Nf8 20. f6+ Kh7 21.
Ne7 Qg5 22. Bxf7 Rg8 23. Bxg8+ Kh8 24. Bb3 Nd7 25. Qf5 Qxf5 26. Rxf5 Kh7 27. f7
c6 28. Be6 Nf8 29. Bb3 Kg7 30. Rf3 Nd7 31. Rg3+ Kf6 32. Rg8 Kxe7 33. Rxa8 d5 34.
Rxa7 Kxf7 35. Rxb7 1-0

[Event "AUTO-OPEN-4159"]
[Site "http://www.queenalice.com/game.php?id=1606778"]
[Date "2020.4.9"]
[Round "1"]
[White "victorbush2"]
[Black "Fuz_Berg"]
[Result "1-0"]
[WhiteElo "1974"]
[BlackElo "1240"]

1. e4 e5 2. Nf3 d6 3. Bc4 Nh6 4. O-O Bg4 5. h3 Bxf3 6. Qxf3 Nc6 7. c3 g5 8. a3
Qd7 9. d3 g4 10. Qf6 Bg7 11. Qxg7 Rg8 12. Qxh6 Rh8 13. Bg5 gxh3 14. g3 Ne7 15.
Qg7 Ng6 16. Kh2 Qg4 17. Qxf7# 1-0

[Event "AUTO-OPEN-4159"]
[Site "http://www.queenalice.com/game.php?id=1606779"]
[Date "2020.4.9"]
[Round "1"]
[White "Fuz_Berg"]
[Black "victorbush2"]
[Result "0-1"]
[WhiteElo "1233"]
[BlackElo "1977"]

1. e4 e5 2. Bc4 Nf6 3. d3 Bc5 4. Bg5 h6 5. Bxf6 Qxf6 6. Nh3 d5 7. Bb5+ c6 8.
Bxc6+ bxc6 9. g4 Ba6 10. exd5 cxd5 11. O-O O-O 12. Nc3 Nc6 13. Nxd5 Qh4 14. Qf3
Nd4 15. Qe4 Rad8 16. c3 Nc6 17. Kg2 Bc8 18. f3 Rd7 19. b4 Bb6 20. b5 Ne7 21.
Nxe7+ Qxe7 22. a4 Bb7 23. Qc4 Rc8 24. Qb3 Rxd3 25. a5 Rcxc3 26. Qb2 Bd4 27. Qe2
e4 28. f4 Qh4 29. Rad1 Rf3 30. Rxd4 Rxh3 31. a6 Rxh2+ 32. Kg1 Rh1+ 33. Kg2 Qh2#
0-1

[Event "AUTO-ADV-4323"]
[Site "http://www.queenalice.com/game.php?id=1634493"]
[Date "2020.11.28"]
[Round "2"]
[White "akleetch"]
[Black "victorbush2"]
[Result "0-1"]
[WhiteElo "1745"]
[BlackElo "1960"]

1. e4 e5 2. Nc3 Nf6 3. a3 d5 4. d3 d4 5. Nce2 Bd6 6. Bg5 O-O 7. c3 c5 8. h3 h6
9. Bh4 Nbd7 10. Ng3 b5 11. Nf5 Bc7 12. Nf3 Nb6 13. Be2 Bxf5 14. exf5 Qd6 15. Bg3
Nbd7 16. O-O Rfe8 17. Rc1 Nh5 18. Bh2 Nf4 19. cxd4 cxd4 20. Nd2 Rac8 21. Ne4 Qb6
22. Bg3 Nxe2+ 23. Qxe2 Nf6 24. Nc5 Bd6 25. b4 Bxc5 26. bxc5 Rxc5 27. Rxc5 Qxc5
28. Ra1 Qc3 29. Ra2 Qc5 30. Bh2 Qc1+ 0-1

[Event "AUTO-ADV-4323"]
[Site "http://www.queenalice.com/game.php?id=1634494"]
[Date "2020.11.28"]
[Round "2"]
[White "victorbush2"]
[Black "akleetch"]
[Result "1-0"]
[WhiteElo "1952"]
[BlackElo "1760"]

1. d4 d5 2. c4 c6 3. Nc3 Be6 4. Bf4 h6 5. Bxb8 Rxb8 6. h3 Nf6 7. Nf3 b5 8. Ne5
Qc7 9. e3 b4 10. Na4 Ne4 11. Bd3 Bf5 12. Bxe4 Bxe4 13. Nc5 Bxg2 14. Rh2 Be4 15.
Na6 Qa5 16. Nxb8 b3+ 17. Qd2 Qxd2+ 18. Kxd2 dxc4 19. axb3 cxb3 20. f3 Bd5 21. e4
Be6 22. Rxa7 f6 23. Nexc6 Kf7 24. Nd8+ 1-0

[Event "AUTO-ADV-4323"]
[Site "http://www.queenalice.com/game.php?id=1634499"]
[Date "2020.11.28"]
[Round "2"]
[White "victorbush2"]
[Black "diegem"]
[Result "0-1"]
[WhiteElo "1913"]
[BlackElo "1996"]

1. d4 Nf6 2. c4 e6 3. Nc3 Bb4 4. Bd2 Bxc3 5. Bxc3 d5 6. e3 O-O 7. Nf3 Nc6 8. Be2
a6 9. O-O b6 10. b3 a5 11. a3 Ne4 12. Bb2 Ba6 13. Rc1 Ne7 14. Nd2 Nf6 15. Re1
Ng6 16. g3 c6 17. Bf1 Re8 18. Bg2 Rb8 19. c5 bxc5 20. dxc5 Nd7 21. a4 Nde5 22.
Bxe5 Nxe5 23. Bf1 Ra8 24. Bxa6 Rxa6 25. Nf1 Qf6 26. f4 Nd7 27. Qd3 Raa8 28. e4
Qg6 29. Kf2 Nf6 30. Nd2 Red8 31. Qf3 dxe4 32. Nxe4 Nxe4+ 33. Qxe4 Qxe4 34. Rxe4
Rd2+ 35. Re2 Rd3 36. Rb1 Rb8 37. Re3 Rbd8 38. b4 R3d4 39. b5 Rxa4 40. b6 Kf8 41.
Reb3 Rc4 42. b7 Rb8 43. Rb6 Rxc5 44. Ra6 Rd5 45. Ra8 Rdd8 46. Rxa5 Ke7 47. Ra6
Kd7 48. Rab6 Kc7 49. Ke3 Rd5 0-1

[Event "AUTO-ADV-4323"]
[Site "http://www.queenalice.com/game.php?id=1634500"]
[Date "2020.11.28"]
[Round "2"]
[White "diegem"]
[Black "victorbush2"]
[Result "1-0"]
[WhiteElo "1995"]
[BlackElo "1926"]

1. e4 e6 2. d4 d5 3. Nc3 Nf6 4. e5 Ne4 5. Bd2 Nxd2 6. Qxd2 a6 7. a3 Be7 8. Nf3
O-O 9. Bd3 h6 10. O-O Nc6 11. b4 b5 12. Ne2 f6 13. c3 f5 14. Nf4 g5 15. Ng6 Rf7
16. h3 Rg7 17. Nxe7+ Qxe7 18. Rfe1 Bd7 19. Kf1 f4 20. a4 Na7 21. axb5 axb5 22.
Ra2 c6 23. Rea1 Be8 24. Nh2 Bh5 25. Be2 Bxe2+ 26. Qxe2 Kh7 27. Ng4 Kh8 28. Nxh6
Kh7 29. Qh5 1-0

[Event "AUTO-ADV-4323"]
[Site "http://www.queenalice.com/game.php?id=1634501"]
[Date "2020.11.28"]
[Round "2"]
[White "victorbush2"]
[Black "dadaspazzi"]
[Result "0-1"]
[WhiteElo "1954"]
[BlackElo "2051"]

1. d4 d5 2. c4 e6 3. a3 dxc4 4. Nc3 a6 5. Nf3 b5 6. e4 Bb7 7. d5 exd5 8. exd5
Nf6 9. Be2 Nxd5 10. O-O Bc5 11. Ne4 Be7 12. Re1 O-O 13. Qc2 Nd7 14. Bd2 Re8 15.
Rad1 c5 16. Nc3 Bf6 17. Bf1 Rxe1 18. Rxe1 Nxc3 19. Bxc3 Bxf3 20. gxf3 Bxc3 21.
Qxc3 Nf6 22. Be2 Qd5 23. Rd1 Qg5+ 24. Kh1 Re8 25. Rg1 Qh4 26. Bf1 Qxf2 27. Qxf6
Qxg1+ 0-1

[Event "AUTO-ADV-4323"]
[Site "http://www.queenalice.com/game.php?id=1634502"]
[Date "2020.11.28"]
[Round "2"]
[White "dadaspazzi"]
[Black "victorbush2"]
[Result "1-0"]
[WhiteElo "2038"]
[BlackElo "1967"]

1. d4 d5 2. c4 e6 3. Nf3 Nc6 4. cxd5 exd5 5. Bg5 Be7 6. Bxe7 Ngxe7 7. Nc3 O-O 8.
e3 a6 9. Bd3 h6 10. h3 Be6 11. O-O Re8 12. a3 Bf5 13. Bxf5 Nxf5 14. Qb3 Na5 15.
Qxd5 Qxd5 16. Nxd5 Rac8 17. Rac1 Nc6 18. Rc5 Kf8 19. Nxc7 Rxc7 20. Rxf5 Ne7 21.
Rc5 Rec8 22. Rfc1 Nd5 23. Kf1 Ke7 24. Ke2 Kd6 25. Rxc7 Rxc7 26. Rxc7 Nxc7 27. e4
f6 28. Nh4 Ke6 29. Nf5 Ne8 30. Ke3 b6 31. d5+ 1-0